|
|
|
|
| LEADER |
01028nam a2200241 a 4500 |
| 001 |
1326650 |
| 008 |
090910s1978 onc b 001 0 eng d |
| 010 |
|
|
|a 78324044
|
| 020 |
|
|
|a 0920056024
|
| 020 |
|
|
|a 0920056040 (bpbk)
|
| 040 |
|
|
|a DLC
|c DLC
|d DLC
|
| 082 |
0 |
0 |
|a 374.9/71
|2 19
|
| 245 |
0 |
0 |
|a Coming of age :
|b Canadian adult education in the 1960's /
|c edited by J. Roby Kidd and Gordon R. Selman.
|
| 260 |
|
|
|a Toronto :
|b Canadian Association for Adult Education,
|c c1978.
|
| 300 |
|
|
|a 410 p. ;
|c 24 cm.
|
| 504 |
|
|
|a Includes bibliographical references and index.
|
| 541 |
1 |
|
|e 00001451
|
| 650 |
|
0 |
|a Adult education
|z Canada.
|
| 700 |
1 |
|
|a Kidd, J. R.
|q (James Robbins),
|d 1915-1982.
|
| 700 |
1 |
|
|a Selman, Gordon R.
|q (Gordon Rex),
|d 1927-
|
| 852 |
4 |
|
|a Ayesha Abed Library
|j General Shelf.
|
| 999 |
|
|
|c 4023
|d 4023
|
| 952 |
|
|
|0 0
|1 0
|2 ddc
|4 0
|6 374_971000000000000_COM_1978
|7 0
|8 NFIC
|9 3706
|a BRACUL
|b BRACUL
|c GEN
|d 2009-10-03
|g 0.00
|l 1
|o 374.971 COM
|p 3010001451
|r 2016-07-21
|s 2016-07-18
|t 1
|w 2009-10-03
|y BK
|x No price found in the accession register.
|